Abraham Hosemann
| Titel: | Abraham Hosemann : Ein Beitrag zur schlesischen Geschichtsschreibung um die Wende des 16. Jahrhunderts |
|---|---|
| Verfasser: | |
| In: |
Verein für Geschichte Schlesiens: Zeitschrift des Vereins für Geschichte Schlesiens, Band 70 (1936), Seite 251-274 alle Artikel anzeigen |
| Veröffentlicht: | 1936 |
| Format: | Aufsatz |
| Sprache: | Deutsch |
X
alg: 39177859 001A $01999:11-11-16 001B $01999:16-05-21 $t20:14:24.000 001C $06050:19-11-16 $t08:45:21.000 001D $01999:11-11-16 001U $0utf8 001X $00 002@ $0Aox 003@ $0391778595 007A $0391778595 $aHEB 007T $0Herda03457 010@ $ager 011@ $a1936 021A $aAbraham Hosemann $dEin Beitrag zur schlesischen Geschichtsschreibung um die Wende des 16. Jahrhunderts 028A $aBednara $dErnst 031A $d70 $h251-274 $j1936 039B $aIn $8--Abvc--Verein für Geschichte Schlesiens [Tb1]. Zeitschrift des Vereins für Geschichte Schlesiens. - Breslau : Trewendt & Garnier, 1906-1943 $x193600000700000749 $9047252138 045F $a929.094385 $eDDC23BSB 045F/01 $a929 045F/03 $g4385 045T $a9,10 lok: 39177859 78 exp: 39177859 78 1 #EPN 201B/01 $019-04-17 $t10:23:15.000 201U/01 $0utf8 203@/01 $0787873551 208@/01 $a11-11-16 $be 209A/01 $a/ $f000 $x00 220C/01 $aTitelaufnehmer: cs 244Z/01 $2Trx $#Silesia $#Śląsk $#Sliezsko $#Slezsko $8--Trx--Schlesien $x01 $9391173987 244Z/01 $aGeschichte 1571-1617 $x02 244Z/01 $2Trx $8--Trx--Hosemann, Abraham$Z1571-1617 $x03 $9390918814 244Z/01 $2Trx $#kirjanikud $#rašytojai $#writers $#írók $#pisarze $#spisovatelia $#spisovatelé $8--Trx--Schriftsteller $x04 $9391382659 244Z/01 $2Trx $#ajaloolased ja kroonikud -18. saj. $#kronikininkai iki XVIII a. pab. $#historians and chroniclers - 18th c. $#történészek és krónikaírók XVIII. század $#kronikarze do końca XVIII w. $#historici a kronikári do konca 18. stor. $#historici a kronikáři do konce 18. st. $#Chronisten $#annalists $#kronikarze $#kronikári $#kronikáři $8--Trx--Historiker und Chronisten$g-18. Jh. $x05 $9391372696 244Z/01 $2Trx $8--Trx--Zeitschriftenaufsatz $x06 $9391384341 244Z/01 $2Trx $#biograafiad $#biografijos $#biography $#életrajzok $#biografia $#biografie $#biografie $8--Trx--Biographie $x07 $9391352938 245Z/01 $a12.03 $x01 247C/01 $82080>Marburg/Lahn, Herder-Institut, Forschungsbibliothek, Bibliographieportal $9336309341
| LEADER | 00000caa a22000002c 4500 | ||
|---|---|---|---|
| 001 | 391778595 | ||
| 003 | DE-603 | ||
| 005 | 20210516201424.0 | ||
| 007 | tu | ||
| 008 | 161111s1936 xx |||| | u00||u|ger c | ||
| 035 | |a (DE-599)HEB391778595 | ||
| 040 | |a DE-603 |b ger |c DE-603 |d DE-603 | ||
| 041 | |a ger | ||
| 082 | 0 | 4 | |8 1\u |a 929.094385 |q DE-101 |2 23/BSB |
| 084 | |a 9,10 |2 ssgn | ||
| 085 | |8 1\u |b 929 | ||
| 085 | |8 1\u |z 2 |s 4385 | ||
| 100 | 1 | |a Bednara, Ernst | |
| 245 | 0 | 0 | |a Abraham Hosemann |b Ein Beitrag zur schlesischen Geschichtsschreibung um die Wende des 16. Jahrhunderts |
| 264 | 0 | |c 1936 | |
| 773 | 0 | 8 | |i In |a Verein für Geschichte Schlesiens |t Zeitschrift des Vereins für Geschichte Schlesiens |d Breslau : Trewendt & Garnier, 1906-1943 |g Band 70 (1936), Seite 251-274 |w (DE-603)047252138 |w (DE-600)200433-1 |
| 924 | 0 | |9 2080 |a (DE-603)787873551 |b DE-2080 |c HES |d d |g / | |


